000 00239nam a22001097a 4500
082 _a621.3 KIN'E
100 _aKING, ROBERT
_975713
245 _aELECTRICAL NOISE
260 _aLONDON
_bCHAPMAN & HALL
_c1966
300 _a195P
942 _cBK
999 _c583549
_d583549